Business letters for different occasions/ (Record no. 152746)

MARC details
000 -LEADER
fixed length control field 00523nam a22001817a 4500
005 - DATE AND TIME OF LATEST TRANSACTION
control field 20180615155851.0
010 ## - LCCN (DPL NO)
LC control number A-368628
020 ## - INTERNATIONAL STANDARD BOOK NUMBER
Terms of availability 0.00
035 ## - SYSTEM CONTROL NUMBER
System control number A-368628
037 ## - SOURCE OF ACQUISITION
Source of stock number/acquisition BPPD/PUB
082 ## - DEWEY DECIMAL CLASSIFICATION NUMBER
Classification number 651.75
100 ## - MAIN ENTRY--PERSONAL NAME
Personal name Kapoor, A.N.
245 ## - TITLE STATEMENT
Title Business letters for different occasions/
Statement of responsibility, etc by A.N.Kapoor
260 ## - PUBLICATION, DISTRIBUTION, ETC. (IMPRINT)
Place of publication, distribution, etc New Delhi
Name of publisher, distributor, etc S.Chand & Company
Date of publication, distribution, etc 1987
270 ## - ADDRESS
City New Delhi
Address 4/16-B, Asaf Ali Poad, New Delhi
Postal code 110002
300 ## - PHYSICAL DESCRIPTION
Extent vi, 279p.;
Dimensions 21cm (Hb)
942 ## - ADDED ENTRY ELEMENTS (KOHA)
Source of classification or shelving scheme Dewey Decimal Classification
Item type English Books
Classification part 651.75
Call number suffix KAP
Holdings
Withdrawn status Lost status Not for loan Collection code Home library Current library Date acquired Source of acquisition Cost, normal purchase price Full call number Barcode Cost, replacement price Koha item type
      Non-fiction Shahdara Branch Shahdara Branch 15/06/2018 BPPD/PUB 0.00 651.75 KAP A-368628 0.00 English Books

© Delhi Public Library
Hit Counter
free hit counter